000 00391nam a22001577a 4500
005 20240902103331.0
008 240830b |||||||| |||| 00| 0 eng d
041 _aeng
082 _a622.335 SAR
100 _aSARMA,CH.R.S
_98462
245 _aMETHODS OF WORKING COAL FOR 4TH SEMESTER
260 _aHYADRABAD
_bPLANET PUBLISHING HOUSE
300 _a6.55;P
650 _aMINING
942 _cBK
999 _c8585
_d8583